000 00414nam a2200133Ia 4500
008 151001s9999||||xx |||||||||||||| ||und||
100 _aहेलेना सिक्लेयर
245 _aबालविकास के क्रमिक चरण
250 _a1
260 _bभारतीय प्रकाशन संस्था
260 _c2009
300 _a216
365 _b21
999 _c995161
_d995158